Geography Quiz

Random Geography or City Quiz
Score 0/200 Timer 20:00
11 Plays Today
Population Range Cities % Correct
18,460,523 - 8,175,133Mexico City, Mumbai, Shanghai,…
97.9%
7,619,800 - 4,988,252London, Tianjin, Kinshasa,…
93.2%
4,839,400 - 3,386,667Singapore, St. Petersburg, Yangon,…
92.5%
3,245,191 - 2,695,598Dalian, Changchun, Madrid,…
90.3%
352,523 - 347,738Annaba, London, Huaying,…
84.5%
1,658,937 - 1,549,980Accra, Belgrade, Montreal,…
83.2%
2,646,000 - 2,427,316Addis Ababa, Incheon, Osaka,…
82.8%
582,751 - 570,878Anqing, Stuttgart, Cancun,…
79.8%
1,025,098 - 1,003,015Sendai, Gaziantep, Ezhou,…
78.6%
607,868 - 600,158Shaoyang, Taizhou, Lanxi,…
78.2%
150,363 - 149,210Uttarpara Kotrung, Jequie, Kertch,…
78.1%
2,363,322 - 2,087,759Zhongshan, Dar Es Salaam, Jaipur,…
77.7%
1,322,890 - 1,264,607Jiangjin, Pingdu, Jiangyin,…
77.7%
618,278 - 608,660Maiduguri, Contagem, Meihekou,…
77.5%
818,809 - 804,032Guwahati, Yuhang, Qinhuangdao,…
77.4%
400,000 - 394,945Huambo, Gifu, Pasto,…
76.7%
1,822,407 - 1,659,075Luanda, Minsk, Nanchong,…
76.3%
599,515 - 582,764Essen, Yanzhou, Louisville,…
75.1%
1,212,000 - 1,177,150Mogadishu, Cordoba, Kampala,…
74.4%
1,357,228 - 1,323,169Huainan, Kochi, Suining,…
74%
136,416 - 135,279Orange, Savannah, Jaragua Do Sul,…
73.4%
117,063 - 116,466Abilene, Brugge, Catia La Mar,…
73.3%
756,336 - 741,195Krakow, Tartous, Enshi,…
73.3%
801,580 - 788,329Sao Bernardo Do Campo, Suihua, Benghazi,…
73.1%
472,374 - 464,898Siliguri, Yuanping, Bukavu,…
73%
1,461,139 - 1,406,955Coimbatore, Bhopal, Tangerang,…
72.9%
304,274 - 299,152Guaruja, Jincheng, Luohe,…
72.1%
1,000,714 - 982,816Lille, Lianyuan, Liupanshui,…
72%
495,128 - 488,287Gomel, Aparecida De Goiania, Fresno,…
71.8%
719,426 - 706,402Wuxue, Tolyatti, Cebu,…
71.7%
381,900 - 377,488Wellington, Ningguo, Van,…
70.7%
464,371 - 456,882Weihui, Liverpool, Duyun,…
70.2%
1,548,817 - 1,474,078Tengzhou, Qiqihaer, Pizhou,…
70.2%
644,301 - 631,577Maoming, Frankfurt Am Main, Moron,…
69.7%
569,835 - 558,136Funabashi, Mingguang, Dusseldorf,…
69.1%
347,549 - 340,640Ahmednagar, Bakersfield, Huaihua,…
68.9%
406,809 - 400,293General San Martin, Santa Fe, Huangshan,…
67.9%
323,738 - 318,461Zhoukou, Novi Sad, Eindhoven,…
67.8%
2,053,070 - 1,828,092Xiamen, Medan, Chittagong,…
67.7%
387,170 - 381,943Honolulu, Changji, Fenyang,…
67.2%
206,796 - 205,364Kielce, Torun, Raurkela Industrialship,…
65.8%
850,023 - 820,445Hezhou, Jiangyou, Baoshan,…
64.9%
115,849 - 115,032Araucaria, Handa, Loum,…
64.5%
422,761 - 412,753Hengshui, Fangchenggang, Sialkote,…
63.9%
212,375 - 210,571Irvine, Tiruvottiyur, Itabuna,…
63.5%
1,057,212 - 1,026,000Lusaka, Qidong, Campinas,…
62.1%
271,434 - 267,662Sariwon, Zhitomir, Kostroma,…
61.7%
149,210 - 148,065Huanuco, Salzburg, Pomona,…
60.5%
705,335 - 692,348Wahran, Navi Mumbai, Pakanbaru,…
60.1%
162,653 - 160,355Perpignan, Fernando De La Mora, Adoni,…
60%
787,809 - 776,326Langzhong, Columbus, Lichuan,…
59.6%
535,499 - 526,720Ruijin, Jinzhong, Jintan,…
59.2%
1,109,580 - 1,057,396Yerevan, Dingzhou, Tbilisi,…
59%
109,960 - 109,375Costa Mesa, Beau Bassin - Rose Hill, Siwan,…
58.5%
1,263,888 - 1,213,726Valencia, Thane, Xinyang,…
58.1%
394,850 - 388,532Olinda, Diadema, Kahramanmaras,…
58%
107,303 - 106,753Malambo, Araruama, Rehovot,…
57.9%
245,020 - 242,445Rivne, St. Petersburg, Nizhnevartovsk,…
57.9%
982,254 - 948,716Linzhou, Benxi, Settat,…
57.8%
187,641 - 186,127Pali, Carolina, Dourados,…
56.8%
178,819 - 176,771Parnamirim, Tacloban, Aletai,…
56.8%
201,335 - 199,808Babol, Luzern, Waitakere,…
56.4%
199,714 - 197,600Corlu, Amol, Balakovo,…
55.7%
948,618 - 913,540Linhai, Feicheng, Wuwei,…
54.9%
258,600 - 253,509Stoke-On-Trent, Clermont-Ferrand, Lincoln,…
54.5%
547,842 - 535,517Songkhla, Zhuozhou, Albuquerque,…
54.4%
1,176,314 - 1,148,190Saitama, Fuqing, Adelaide,…
53.9%
Population Range Cities % Correct
658,593 - 646,306Veracruz, Bhubaneswar, Tampico,…
53.7%
239,849 - 237,135Jian, Espoo, Tiefa,…
53.4%
310,257 - 305,058Semipalatinsk, Miyazaki, Muling,…
53.4%
517,708 - 510,411Bhavnagar, Conghua, Oaxaca De Juarez,…
52.8%
456,446 - 448,452Kolwezi, Gaza, Gdansk,…
52.6%
370,638 - 364,931Mogilev, Brno, Manado,…
52%
299,023 - 294,577San Isidro, Arhus, Al-Hudaydah,…
51.5%
218,355 - 215,587Maseru, Karimnagar, Sao Carlo,…
51.1%
479,484 - 472,579Liege, Larache, Ipoh,…
50.9%
277,140 - 271,704Newark, Holguin, Sakarya,…
50.1%
234,419 - 231,672Ratlam, Mulhouse, Lampang,…
49.9%
340,483 - 335,709Baise, Ribeirao Das Neves, Umlazi,…
49.6%
193,607 - 191,107Pskov, Little Rock, Moreno Valley,…
49.5%
740,871 - 719,605Liyang, Nador, Meknes,…
49.4%
146,892 - 145,438Shivapuri, Badajoz, Itapetininga,…
49.1%
175,023 - 173,514Brownsville, Korolev
48.9%
210,565 - 208,778Rochester, Etawah, Cartagena,…
48.9%
190,873 - 189,591Katihar, Nong Khai, Zlatoust,…
48.8%
171,382 - 170,409Bat Dambang, Alexandra, Lambare,…
48.5%
431,241 - 423,070Bryansk, Ujjain, Nanded,…
48.5%
889,265 - 871,507Nice, Weinan, Wuchang,…
48.3%
631,051 - 619,840Acapulco, Deyang, Sagamihara,…
48.3%
671,846 - 658,867Kathmandu, Santo Andre, Longkou,…
47.1%
120,382 - 119,518Khanpur, Cambridge, Dos Hermanas,…
46.9%
104,907 - 104,412Tandoadam, Vanadzoz, Mainpuri,…
46.7%
116,455 - 115,903Torrejon De Ardoz, Latina, Sogamoso,…
46.5%
154,264 - 153,060San Carlos, Oldenburg, Peoria,…
46.3%
1,147,116 - 1,111,000Davao, Tianshui, Huzhou,…
46.1%
287,192 - 281,831Morioka, San Bernardo, Quzhou,…
45.1%
141,954 - 141,174Cadiz, Almetievsk, Blackpool,…
44.7%
261,551 - 258,746Longjing, Kankan, Buffalo,…
44.7%
105,549 - 104,908Fargo, Norwalk, Bizerte,…
44.5%
181,812 - 180,644Yuzhno-Sakhalinsk, Hamm, Byatarayanapura,…
44.2%
197,450 - 195,692Kokand, Porbandar, Taiping,…
44.2%
118,772 - 117,680Thornton, Exeter, Habikino,…
43.7%
103,831 - 103,408Zug, Tajimi, Woking,…
42.7%
117,604 - 117,103Kokubunji, Mandsaur, Surprise,…
42.2%
294,558 - 291,596Caruaru, Jishou, Hakodate,…
41.6%
141,132 - 139,835Rach Gia, San Fernando, Seam Reab,…
41.3%
412,141 - 407,000Toyota, General Santos, Villavicencio,…
40.9%
203,457 - 201,546Sungai Petani, Turmero, Des Moines,…
40.7%
775,941 - 756,666Xinxiang, Port Elizabeth, Malang,…
40%
226,790 - 224,410Buri Ram, Glendale, Nizhnekamsk,…
39.7%
115,007 - 114,297Peoria, Juba, Guelph,…
39.7%
524,527 - 518,736Xingcheng, Chiclayo, Tuxtla Gutierrez,…
39.7%
195,582 - 193,633Rio Grande, Duran, Mobile,…
39.6%
267,348 - 264,619Darbhanga, Butuan, Kakogawa,…
39.6%
1,401,279 - 1,359,035Fukuoka, Ludhiana, Tabriz,…
39.5%
231,521 - 229,258Barasat, Rancagua, Nakhon Sawan,…
39.3%
331,253 - 323,770Celaya, Nancy, Thrissur,…
39.1%
314,124 - 310,433Tepic, Iasi, Vitoria Da Conquista,…
39%
318,348 - 314,239Hechi, Jianyang, Vitoria,…
38.9%
247,597 - 245,071Jersey City, Batangas, Derby,…
38.9%
291,225 - 287,208Luque, Ciudad Victoria, Akashi,…
38.3%
160,214 - 158,537Khost, Oyama, Jaunpur,…
38.3%
205,274 - 203,469Manta, Bharatpur, Hagen,…
37.8%
145,400 - 144,405Poole, Parauapebas, Ranaghat,…
37.7%
355,531 - 352,627Simferopol, Wuzhong, Qazvin,…
37.3%
237,012 - 234,622Dire Dawa, Granada, Reading,…
37.1%
156,804 - 155,290Ngaoundere, Usak, Lancaster,…
37.1%
912,993 - 889,361Yueyang, Yiwu, Torreon,…
35.8%
155,290 - 154,297Urayasu, Kim Chaek, Francisco Morato,…
35.4%
439,041 - 431,839Mesa, Mishan, Sanliurfa,…
35.4%
189,421 - 187,908Shahriar, Sunrise Manor, Nazareth,…
35.3%
129,272 - 128,466Columbia, Tawau, Fujieda,…
34.7%
135,234 - 133,886Cary, Kislovodsk, Fullerton,…
34.5%
108,525 - 108,123Maranguape, Patnos, Smederevo,…
33.5%
Population Range Cities % Correct
164,240 - 162,704Hospet, Bidhan Nagar, Jayapura,…
33.1%
208,709 - 206,967Tampere, Najafabad, Gilbert,…
32.9%
124,775 - 124,213Gottingen, Hartford, Kashihara,…
32.7%
168,973 - 167,086Matsusaka, Isparta, Probolinggo,…
32.5%
127,700 - 126,959Yuanlin, Nablus, Thai Nguyen,…
32.4%
137,815 - 136,429La Ceiba, Jorhat, Naga,…
32.3%
364,523 - 355,665Davangere, Chaozhou, Warri,…
32.2%
180,635 - 178,874Cabo Frio, Shah Alam, Saveh,…
31.4%
228,820 - 226,876Gurgaon, Malard, Groznyi,…
30.8%
167,048 - 165,521Coro, Miass, Lages,…
30.5%
376,861 - 370,904Kakinada, Wakayama, Mazar-I-Sharif,…
30.3%
104,371 - 103,843High Point, Izeh, Tokai,…
30.1%
250,738 - 247,940Sunchon, Graz, Longquan,…
29.7%
130,162 - 129,278Sassari, Garanhuns, Levis,…
29.1%
133,844 - 132,393Si Sa Ket, Ramat Gan, Koronadal,…
29%
106,735 - 106,306Passos, Kelowna, Novopolotsk,…
28.8%
183,931 - 181,825Sidi-Bel-Abbes, Saarbrucken, Kodaira,…
28.6%
121,168 - 120,383Santa Cruz Do Sul, Kusatsu, Monza,…
27.4%
139,824 - 138,767Mesquite, Aguas Lindas De Goias, Heidelberg,…
27%
144,391 - 143,300Barrackpur, Sadiqabad, Apartado,…
26.4%
152,000 - 150,420Huddersfield, Potosi, Sitapur,…
26%
691,694 - 672,295Zunyi, Panzhihua, Changle,…
25.6%
242,330 - 240,492Engels, Gatineau, Angarsk,…
24.3%
281,494 - 277,204Rampur, Irbid, Sukabumi,…
24.1%
125,453 - 124,805Vidisha, Gorzow Wielkopolski, Atibaia,…
24%
122,307 - 121,252Rajapalayam, Batumi, Palanpur,…
23.8%
252,768 - 250,768Bengkulu, Southampton, Dongsheng,…
23.5%
119,517 - 118,788Kraljevo, Zoetermeer, Deoli,…
22.8%
113,686 - 113,114Ikoma, Araras, Conselheiro Lafaiete,…
22.6%
123,668 - 122,319North Barrackpur, Serpukhov, Pattani,…
21.3%
165,427 - 164,252Phitsanulok, Berezniki, Butembo,…
20.8%
148,029 - 147,100Budaun, Huelva, Maradi,…
20.5%
871,388 - 852,719Xiangfan, Tiruchchirappalli, Luoding,…
20.3%
215,556 - 212,400Reims, Badalona, Thanjavur,…
20.3%
113,054 - 112,471Gudivada, Salzgitter, Novokuybishevsk,…
19.6%
510,300 - 503,871Jos, Laohekou, Wenchang,…
18.4%
114,200 - 113,686Eastbourne, Touggourt, Novoshakhtinsk,…
18.3%
448,290 - 439,644Puyang, Sangli-Miraj-Kupwad, Skhirate-Temara,…
18.2%
170,387 - 169,000Kabwe, Baharampur, Anjo,…
17.6%
126,326 - 125,474Cedar Rapids, Zrenjanin, Trois-Rivieres,…
17.2%
176,743 - 175,047Bacau, Bojnurd, Jessore,…
16.4%
108,051 - 107,316Parla, Satara, Koblenz,…
16.4%
173,372 - 171,390Overland Park, Limoges, Hirosaki,…
15.7%
111,435 - 110,730Ikire, Ribeirao Pires, Kajang Dan Sungai Chua,…
15%
153,016 - 152,078Lauro De Freitas, Elk Grove, Fukang…
14.5%
143,240 - 141,973Rajendranagar, Kecskemet, Cienfuegos,…
14.3%
264,204 - 261,573Fengzhen, Pakalongan, Popayan,…
14%
103,384 - 102,878Witten, Dharmavaram, Burbank,…
13.9%
223,454 - 221,558Marilia, As Seeb, Sosnowiec,…
13%
109,365 - 108,600Duitama, Siegen, Pudukkottai,…
12.9%
335,551 - 331,329Sukkur, Baishan, Bilaspur,…
12.7%
221,331 - 218,410Nhatrang, Concepcion, Karnal,…
12.5%
185,976 - 184,010Kaolack, Sikar, Passo Fundo,…
11.9%
503,682 - 495,336Chuxiong, Astrakhan, Lipetsk,…
11.7%
126,947 - 126,352Cartago, Pakdasht, Novocheboksarsk,…
11.2%
158,370 - 156,860Ziguinchor, Roi Et, Rason,…
10.6%
106,300 - 105,565Chelmsford, Chirkunda, Bergisch Gladbach,…
10%
131,249 - 130,328Heshan, Winterthur, Abiko,…
9.4%
124,204 - 123,672Narsingdi, Helsingborg, Bimbo,…
7.9%
488,000 - 479,640Al-Sharjah, Shuangyashan, Qitaihe,…
7.8%
128,458 - 127,702Pollachi, Barrie, Lemdiyya,…
7.6%
112,455 - 111,448Vinh, Mishima, Pavlograd,…
7%
110,715 - 110,085Kitami, Colatina, Ji-Parana,…
6.5%
557,901 - 549,434Bazhou, Rasht, Yongkang,…
5.9%
132,379 - 131,286Shahrud, Tumen, Buzau,…
5.5%
138,748 - 137,870Paranagua, Taldykorgan, Guruvayur,…
4.2%
Remove Ads.
Support Sporcle.
Get the best of Sporcle when you Go Orange. This ad-free experience offers more features, more stats, and more fun while also helping to support Sporcle. Thank you for becoming a member.

You're not logged in!

Compare scores with friends on all Sporcle quizzes.
OR
Log In

Sporcle TV

Today on Sporcle TV


Watch our educational content, quiz creation guides, and fun videos on Sporcle TV.

Show Comments

Extras

Top Quizzes Today


Score Distribution

Paid Content

Your Account Isn't Verified!

In order to create a playlist on Sporcle, you need to verify the email address you used during registration. Go to your Sporcle Settings to finish the process.

Report this User

Report this user for behavior that violates our Community Guidelines.

Details: